| 000 | 00562nam a2200181 a 4500 | ||
|---|---|---|---|
| 001 | 000403212 | ||
| 003 | AM-YEHGA | ||
| 005 | 20250811114220.0 | ||
| 008 | 050117s1904 gs 000 1 arm d | ||
| 040 | _aAM-YEHGA | ||
| 041 | 0 | _aarm | |
| 100 | 1 | _aԵսայեան, Յարութիւն | |
| 245 | 1 | 0 |
_aԱռաջին մուրացկանութիւնը : _b(Պատկեր) / _cՅ. Եսայեան. |
| 260 |
_aԹիֆլիս : _bՀերմէս, _c1904. |
||
| 300 |
_a31 էջ ; _c20 սմ. |
||
| 650 | 1 | 4 |
_aՀայ գրականություն _xՊատմվածք |
| 942 |
_2udc _cBK |
||
| 999 |
_c531576 _d531576 |
||